000 00472nam a2200181Ia 4500
001 23941
005 20260414151011.0
008 260414t2016||||xx |||||||||||||| ||spa||
041 _aESP
082 _a721.046
_bH44
100 _aHernández Moreno, Silverio
_eAUT
245 0 _aSelección y diseño sustentable de materiales de construcción
_b
260 _c2016
300 _a112 páginas :
_c24 cm.
650 _aABD
654 _aCAU
942 _cLIB
_dJUS
_fJUS
_2ddc
_n
999 _c23941
_d23941